000 00213nam a22000857a 4500
008 170130b xxu||||| |||| 00| 0 eng d
100 _92648
_aCarturight.S
245 _aFirst Thousand Words
260 _aNew Yark
_bNY
_c1989
999 _c5793
_d5793